000 00696nac a22002051u 4500
010 _a 91071997
020 _a0395515386
082 0 0 _a621.3822
_bC2843
090 _c4076
_d4076
100 _aCarlson, Gordon E.
245 1 0 _aSignal and linear system analysis /
_cGordon E. Carlson.
260 _aBoston :
_bHoughton Mifflin Co.,1992
_c1992.
300 _axx, 740 p. :
_bill. ;
_c24 cm.
500 _aIncludes index.
650 0 _aSignal processing.
650 0 _aLinear systems.
650 0 _aSystem analysis.
942 _cBB
_k621.3822C2843
999 _c4076
_d4076